| 000 | 01613nam a2200469 i 4500 | ||
|---|---|---|---|
| 001 | 6581 | ||
| 003 | KOSZ 005 | ||
| 005 | 20221216150058.0 | ||
| 008 | 980713s1994 pl f |000 0 pol d | ||
| 015 | _aPB 1997/11514 | ||
| 020 | _a8386290050 | ||
| 020 | _a0566028204 | ||
| 040 |
_aWA N _cWA N _dKOSZ 005/HR |
||
| 041 | 1 |
_apol _heng |
|
| 080 | _a658.310.8 | ||
| 080 | _a005.95/.96 | ||
| 080 | _a331.1 | ||
| 080 | _a(083.1) | ||
| 100 | 1 |
_aColeman, Ron _d(1941- ) _eAutor |
|
| 245 | 1 | 0 |
_a525 rad jak być lepszym menedżerem / _cRon Coleman, Giles Barrie ; przekł. [z ang.] Monika Kostera. |
| 246 | 3 | _aPięćset dwadzieścia pięć rad jak być lepszym menedżerem. | |
| 246 | 3 | _aFivehundred twenty five ways to be a better manager. | |
| 246 | 1 |
_iTyt. oryg.: _a525 ways to be a better manager. |
|
| 260 |
_aWarszawa : _b"Kopia", _c1994. |
||
| 300 |
_a142 s. ; _c19 cm. |
||
| 336 |
_2rdacontent _aTekst _btxt |
||
| 337 |
_2rdamedia _aBez urządzenia pośredniczącego _bn |
||
| 338 |
_2rdacarrier _aWolumin _bnc |
||
| 380 | _aKsiążki | ||
| 388 | _a1901-2000 | ||
| 388 | _a1989-2000 | ||
| 490 | 1 | _aUmiejętności Menedżerskie. | |
| 650 | 4 | _aZarządzanie zasobami ludzkimi (HRM) | |
| 650 | 4 | _aStosunki interpersonalne | |
| 655 | 4 | _aPoradnik | |
| 658 | _aZarządzanie i marketing | ||
| 700 | 1 |
_aKostera, Monika _d(1963- ) _eTłumaczenie |
|
| 700 | 1 |
_aBarrie, Giles _eAutor |
|
| 830 | 0 | _aUmiejętności Menedżerskie | |
| 856 |
_uhttp://koha.tu.koszalin.pl/cgi-bin/koha/opac-detail.pl?biblionumber=6581 _yKatalogonline BPK |
||
| 942 |
_2UKD _cKS |
||
| 999 |
_c6581 _d6581 |
||